Statistiche per Paesi che contengono una lettera - D

Clicka qui per fare il quiz!

Statistiche generali

  • Questo quiz è stato fatto 71 volte
  • Il punteggio medio è 31 su 44

Statistiche sulle risposte

CategoriaPaese% Corretto
1 x DCanada
98%
1 x DDanimarca
98%
1 x DRepubblica del Congo
91%
2 x DRepubblica Democratica del Congo
91%
1 x DIndia
89%
1 x DDominica
87%
1 x DSudan
87%
2 x DSud Sudan
87%
1 x DIndonesia
85%
1 x DRepubblica Dominicana
85%
1 x DEcuador
83%
1 x DSudafrica
83%
1 x DAndorra
81%
2 x DCorea del Sud
79%
1 x DIslanda
79%
1 x DFinlandia
77%
1 x DIrlanda
77%
1 x DNuova Zelanda
77%
2 x DTrinidad e Tobago
77%
1 x DMaldive
74%
3 x DMacedonia del Nord
72%
1 x DArabia Saudita
70%
2 x DCorea del Nord
70%
1 x DMadagascar
70%
1 x DMoldavia
70%
1 x DCiad
68%
1 x DBurundi
66%
1 x DThailandia
66%
1 x DBangladesh
64%
1 x DUganda
64%
1 x DAntigua e Barbuda
62%
1 x DBarbados
62%
1 x DCosta d'Avorio
62%
1 x DHonduras
62%
1 x DRuanda
62%
1 x DEl Salvador
57%
1 x DSaint Vincent e Grenadine
55%
1 x DGrenada
53%
2 x DStati Federati di Micronesia
53%
1 x DGiordania
51%
1 x DCapo Verde
49%
1 x DCittà del Vaticano
45%
1 x DBosnia ed Erzegovina
34%
1 x DSwaziland
34%

Distribuzione punteggi

Percentile per numero di risposta

Percentuale di utenti per punteggio

I tuoi punteggi nel tempo

Non hai fatto questo quiz